000 00762nam0a22002531 4500
001 rc\2768506
005 20250806203716.0
035 _a(NLR Aleph) 006894915
090 _a15564
_c15564
100 _a20110915d1941 u y0rusy50 ca
101 0 _arus
102 _aRU
105 _aa z |||||
200 1 _aОтряд капитана Каменского
_fН. Бабич
210 _aСвердловск
_cСвердлгиз
_d1941
215 _a26, [2] с.
_cил.
_d21 см.
700 1 _aБабич
_bН.Ф.
_gНиколай Фомич
801 0 _aRU
_bNLR
_gpsbo
801 1 _aRU
_bELAR
_2rusmarc
852 _aNLR
_jЛ30 Г-4/256
942 _cBOOK
945 _aРоссийская национальная библиотека
980 _aNB
980 _aBV